00846nam a2200217 a 450000100100000000500170001000800410002704000250006804100130009310000280010624000510013424500880018526000590027330000200033249000360035250000420038870000330043083000430046395201050050699900170061100004264620201002040309.0140203s2001 sp 000 p spa d aDO-SdBNPbspacBNPHU17aspabpol1 aSampaio, Ernesto96992210aA procura Do SilênciolEspañol-Portugués13aLa Búsqueda del Silencio. /cErnesto Sampaio; traducción, Perfecto E. Cuadrado. a[Mérida], [España] :bJunta de Extremadura,c2001. a53 p. ;c20 cm.1 aLa estirpe de los argonautasv5 aIncluye datos biografícos del autor1 aCuadrado, Perfecto E.969923 0aLa estirpe de los argonautasv5969924 001050718MOaGRbGRcCTd2014-02-03iLF1l0o p42646-10r2020-06-25w2020-06-25y1ZNo se presta c42135d42135